000 00366 a2200157 4500
001 62925
020 _a9788580576979
040 _cAnchieta - Pituba
100 _aDoerr, Anthony
240 1 0 _aToda luz que não podemos ver
_lpor
245 1 0 _aToda luz que não podemos ver
300 _a526
362 0 _a2015
650 4 _aFicção norte-americana
942 _cBK
999 _c62925
_d62925